[Event "COL-ch U20"]
[Site "Cali"]
[Date "2024.03.01"]
[Round "5"]
[White "Campo Jimenez, David"]
[Black "Norena Marin, Jeronimo"]
[Result "1-0"]
[WhiteElo "1429"]
[BlackElo "1322"]
[PlyCount "33"]
[EventDate "2024.02.28"]
[EventType "swiss"]
[EventRounds "9"]
[EventCountry "COL"]
[SourceTitle "CB11_2024"]
[SourceDate "2024.03.13"]
[SourceVersion "1"]
[SourceVersionDate "2024.03.13"]
[SourceQuality "1"]

1. e4 e5 2. Nf3 Nc6 3. Bb5 d6 4. d4 exd4 5. Nxd4 Bd7 6. Bxc6 bxc6 7. Nc3 Be7 8. 0-0 Bf6 9. Be3 Ne7 10. Qf3 0-0 11. g4 d5 12. g5 Bxd4 13. Bxd4 dxe4 14. Nxe4 Nf5 15. Bc3 Qe7 16. Rae1 Kh8 17. Qh5 1-0

[Event "COL-chT"]
[Site "Risaralda"]
[Date "2023.11.20"]
[Round "3.2"]
[White "Mena Suarez, Andres David"]
[Black "Campo Jimenez, David"]
[Result "1-0"]
[WhiteElo "1446"]
[BlackElo "1410"]
[PlyCount "71"]
[EventDate "2023.11.19"]
[EventType "team-swiss"]
[EventRounds "7"]
[EventCountry "COL"]
[SourceTitle "CB49_2023"]
[SourceDate "2023.12.06"]
[SourceVersion "1"]
[SourceVersionDate "2023.12.06"]
[SourceQuality "1"]
[WhiteTeam "La Guajira"]
[BlackTeam "Cordoba"]
[WhiteTeamCountry "COL"]
[BlackTeamCountry "COL"]

1. d4 Nf6 2. Nc3 d5 3. Bf4 c6 4. Nf3 Bf5 5. e3 e6 6. Bd3 Bxd3 7. cxd3 Bd6 8. Bxd6 Qxd6 9. 0-0 0-0 10. Re1 Nbd7 11. e4 dxe4 12. dxe4 Qb4 13. Qc2 h6 14. Rad1 Rfe8 15. a3 Qa5 16. Nd2 Qh5 17. Nc4 Nf8 18. e5 Nd5 19. Nxd5 exd5 20. Nd6 Re6 21. Rd3 f6 22. Rh3 Qg6 23. Qd2 fxe5 24. dxe5 Qg5 25. f4 Qe7 26. Rg3 Rd8 27. Nf5 Qc5+ 28. Kh1 Rg6 29. Rc1 Qb5 30. Ne7+ Kf7 31. Nxg6 Nxg6 32. e6+ Kf6 33. Qd4+ Kxe6 34. Rxg6+ Kd7 35. Rxg7+ Kc8 36. Qxa7 1-0

[Event "Medellin Flores op 30th"]
[Site "Medellin"]
[Date "2023.08.04"]
[Round "3"]
[White "Campo Jimenez, David"]
[Black "Gonzalez Ospina, Juan Guillermo"]
[Result "1-0"]
[WhiteElo "1316"]
[BlackElo "1328"]
[PlyCount "27"]
[EventDate "2023.08.03"]
[EventType "swiss"]
[EventRounds "9"]
[EventCountry "COL"]
[SourceTitle "EXT 2024"]
[Source "ChessBase"]
[SourceDate "2023.10.10"]
[SourceVersion "1"]
[SourceVersionDate "2023.10.10"]
[SourceQuality "1"]

1. e4 e5 2. Nf3 Nc6 3. Bb5 a6 4. Ba4 Bc5 5. c3 d6 6. h3 Nf6 7. d3 0-0 8. 0-0 Qe8 9. Bg5 h6 10. Bxf6 gxf6 11. Nh4 Qe7 12. Bb3 Kh8 13. Qh5 Rg8 14. Qxh6# 1-0